000 00668nam a22002297a 4500
005 20251108173227.0
008 250721s2006 xx 000 0 ara d
020 _a9957092243
082 1 4 _a914.6/جبس
100 1 _aجبسون، ايان
245 1 0 _aغرناطة لوركا /
264 1 _aعمان :
_bازمنة للنشر والتوزيع،
_c2006.
300 _a196ص.
490 0 _aسلسلة دراسات
650 1 7 _aتاريخ إسبانيا
650 1 7 _aغرناطة
650 1 7 _aوصف الرحلات
650 1 7 _aالأدباء
700 1 _aمجيد، حسين عبد الزهرة
_eمترجم
942 _2ddc
_cBK
999 _c99014
_d99014